000 01500nam a22003974c 4500
001 197870
003 ES-MaACL
005 20251211063019.0
008 251015s2014 sp | |||| 001 f spa
017 _aB 16111-2012
_bOficina Depósito Legal Barcelona
020 _a978-84-9838-416-1
040 _aSpMaBN
_bspa
_cSpMaBN
_erdc
080 _a821.113.6-31"19"
100 1 _aJonasson, Jonas
_d1961-
_9242354
240 1 0 _aHundraaringen som klev ut genom fönstret och försvann.
_lEspañol
_9242587
245 1 3 _aEl abuelo que saltó por la ventana y se largó /
_cJonas Jonasson ; traducción del sueco de Sofía Pascual Pape
250 _a24ª edición, marzo de 2014
264 1 _a[Barcelona] :
_bSalamandra,
_c[2014]
300 _a413 páginas ;
_c22 cm
336 _aTexto (visual)
_2isbdcontent
337 _asin mediación
_2isbdmedia
338 _2rdacarrier
_avolumen
490 0 _aNarrativa
500 _aÍndice
594 _aTítulo original: Hundraaringen som klev ut genom fönstret och försvann
655 4 _2tgfbne
_9176428
_aNovelas de humor
700 1 _aPascual Pape, Sofía
_9242355
_etrl
852 _aES-MaACL
_cDEPO1
_jA-15861
_hDonación: José Lázaro García
_xEncuadernación rústica con solapas
_9206978
901 _aMON1207
942 _cMONOGRAFIA
_n0
956 _a2
999 _c197870
_d197870